000 01167cac a22003137a 4500
003 Co-PeBPM
005 20250817224308.0
008 240629e2019 ck a|||| |||| 00| 0 spa d
020 _a9789588958903
040 0 _aCo-PeBPM
_bspa
_cCo-PeBPM
_erda
082 0 4 _a516.15 C961c
_222
100 1 _aCatalina M. Rúa Álvarez
_eautor
245 1 4 _aLos cuadriláteros cíclicos como herramienta en la resolución de problemas
_c/ Catalina M. Rúa Álvarez y otros
250 _aPrimera edición
260 _aSan Juan de Pasto
_b: Editorial Universidad de Nariño,
_c, 2019
300 _a102 páginas
_b: ilustraciones, figuras en blanco y negro
_c; 24 centímetros
500 _aIncluye índice.
504 _aIncluye bibliografía.
650 1 4 _aCuadriláteros cíclicos
_2LEMB
650 1 4 _aGeometría
_2LEMB
650 1 4 _aProblemas y ejercicios
_2LEMB
650 1 4 _aGeometría
_2LEMB
650 1 4 _aResolución de problemas
_2LEMB
700 _aCastillo, Deiby Y.
_ecoautor
700 _aCáceres, Luis F.
_ecoautor
700 _aPaz, Katherine N.
_ecoautor
942 _2ddc
_cBK
_n0
999 _c59285
_d59285